Estatutos provisionales de las universidades
保存先:
| フォーマット: | 図書 |
|---|---|
| 言語: | スペイン語 |
| 出版事項: |
Madrid
Ministerio de Educación y Ciencia
1973
|
| 版: | 2a. ed |
| シリーズ: | Textos Legales
|
| 主題: | |
| タグ: |
タグ追加
タグなし, このレコードへの初めてのタグを付けませんか!
|
MARC
| LEADER | 00000nam a2200000 a 4500 | ||
|---|---|---|---|
| 001 | UCS2843 | ||
| 003 | CL-VaPUC | ||
| 008 | 970606e19730000SP |||||||||||||||||spa|d | ||
| 082 | 0 | 4 | |a 378.101 |b EST |2 21 |
| 245 | 1 | 0 | |a Estatutos provisionales de las universidades |
| 250 | |a 2a. ed | ||
| 300 | |a 866 p | ||
| 942 | |c BK | ||
| 945 | |d 19970606 00:00:00 |a lriquelm | ||
| 260 | |a Madrid |b Ministerio de Educación y Ciencia |c 1973 | ||
| 650 | 0 | |a Universidades |9 256317 | |
| 650 | 0 | |a Educación superior |9 223851 | |
| 650 | 7 | |a ESTATUTOS |2 CL-VaPUC |9 259253 | |
| 651 | 0 | |a España |9 254926 | |
| 583 | |a last modification |c 20170606 01:03:05 |k Rodrigo Vera | ||
| 490 | 0 | |a Textos Legales | |
| 999 | |c 260772 |d 260770 | ||
| 952 | |0 0 |1 0 |4 0 |6 378_101000000000000_EST_1973 |7 0 |8 P |9 287111 |a BIBDER |b BIBDER |d 2019-11-19 |i 1865056 |o 378.101 EST 1973 |p 1865056 |r 2023-01-25 |w 2019-11-19 |y BK |k DER | ||